000 00564nam a2200217Ia 4500
003 OSt
005 20220926041025.0
006 a|||||r|||| 00| 0
007 ta
008 220923b |||||||| |||| 00| 0 eng d
037 _cGeneral Book
040 _aRTL
_cRTL
_beng
041 _2eng
_aeng
082 _aX:75.2.N6, K7
100 _aGanguli H. C.
_91258
245 0 _aSome thoughts on planning in India
260 _c1967
650 _aPlanned Economy-India
942 _hX:75.2.N6, K7
_cGB
_2CC
999 _c666213
_d666213